00289nam a2200109Ia 4500001000400000008004100004020001800045082002000063100003100083245004000114260002500154632241024s9999 xx 000 0 und d a99934-73-21-9 aRD/920.72/M385d aZolia Martínez de Medina 0aDominicanas de Espíritu Indomable bEd. de Coloresc2004